000 00349nam a22001697a 4500
005 20260616143504.0
020 _a9789388973861
041 _aEnglish
082 _aT13 R23 BAM
100 _aBama
245 _aOru Thaththavum Yerumaiyum
250 _a01
260 _aChennai
_bNCBH
_c2023
300 _a236
365 _b270.00
942 _cBK
999 _c177896
_d177896